000 00716nam a2200193Ia 4500
003 GCL
008 140319s9999 xx 000 0 ara d
040 _aGCL /
_cGCL
082 0 4 _a251.2
_bع ف
100 1 _aعزالدين ابى محمد عبدالعزيز عبد
245 1 0 _aالفوائد فى اختصار المقاصد المسمى بالقواعد الصغرى /
_cعزالدين ابى محمد عبدالعزيز عبد
700 1 _aجلال الدين عبدالرحمن ابى بكر
260 _a[S.N] :
_bدار الكتاب الجامعى ،
_c1988
300 _a152 ص
490 _a
650 0 4 _aالاحكام الشرعية
650 0 4 _aالفقه الاسلامى
942 _2ddc
_cBK
999 _c47595
_d47595